<?xml version="1.0" encoding="UTF-8"?>
<record
    xmlns:xsi="http://www.w3.org/2001/XMLSchema-instance"
    xsi:schemaLocation="http://www.loc.gov/MARC21/slim http://www.loc.gov/standards/marcxml/schema/MARC21slim.xsd"
    xmlns="http://www.loc.gov/MARC21/slim">

  <leader>02224nas a2200289 454500</leader>
  <controlfield tag="001">7541</controlfield>
  <controlfield tag="005">20260407193504.0</controlfield>
  <controlfield tag="008">260407s1954####ag###########|||spa#d</controlfield>
  <controlfield tag="003">AR-UNSa-BCEJYS</controlfield>
  <datafield tag="040" ind1=" " ind2=" ">
    <subfield code="a">AR-UNSa-BCEJYS</subfield>
    <subfield code="b">spa</subfield>
    <subfield code="c">AR-UNSa-BCEJYS</subfield>
  </datafield>
  <datafield tag="080" ind1=" " ind2=" ">
    <subfield code="a">338</subfield>
    <subfield code="x">Situaci&#xF3;n econ&#xF3;mica. Pol&#xED;tica econ&#xF3;mica. Gesti&#xF3;n de la econom&#xED;a. Planificaci&#xF3;n de la econom&#xED;a. Producci&#xF3;n. Servicios. Precios</subfield>
  </datafield>
  <datafield tag="245" ind1="1" ind2="0">
    <subfield code="a">Econ&#xF3;mica</subfield>
    <subfield code="p">Revista de la Facultad de Ciencias Econ&#xF3;micas</subfield>
  </datafield>
  <datafield tag="022" ind1=" " ind2=" ">
    <subfield code="a">0013-0419</subfield>
  </datafield>
  <datafield tag="264" ind1=" " ind2="1">
    <subfield code="a">La Plata :</subfield>
    <subfield code="b">Universidad Nacional de la Plata. Facultad de Ciencias Econ&#xF3;micas</subfield>
    <subfield code="c">1954</subfield>
  </datafield>
  <datafield tag="310" ind1=" " ind2=" ">
    <subfield code="a">Frecuencia: Irregular
Cambia de Dir. a partir del N&#xBA; 34 por Benigno Rodr&#xED;guez Meit&#xED;n
Cambia de Dir. a partir del N&#xBA; 39 por Armando V.Lago
Cambia de Dir. a partir del N&#xBA; 3 a&#xF1;o XIV por Mario L.Szychowski</subfield>
  </datafield>
  <datafield tag="505" ind1=" " ind2=" ">
    <subfield code="a">De 1952 a 1955 la Universidad se llam&#xF3; Universidad Nacional Eva Per&#xF3;n, cuando la ciudad de La Plata, pas&#xF3; a denominarse Ciudad Eva Per&#xF3;n.
Econ&#xF3;mica es una revista cient&#xED;fica de inter&#xE9;s general y publicaci&#xF3;n anual, fundada en 1954 y editada por la Facultad de Ciencias Econ&#xF3;micas de la Universidad Nacional de La Plata. Siguiendo un proceso de referato an&#xF3;nimo con &#xE1;rbitros externos, Econ&#xF3;mica publica art&#xED;culos de excelencia acad&#xE9;mica en todos los campos de la econom&#xED;a.

Desde su fundaci&#xF3;n y hasta 2007 se edit&#xF3; en formato tradicional con edici&#xF3;n impresa. A partir de 2008, el formato de edici&#xF3;n on-line reemplaz&#xF3; al sistema anterior. En la actualidad se mantiene una edici&#xF3;n impresa limitada principalmente para su distribuci&#xF3;n a bibliotecas, universidades y otras instituciones acad&#xE9;micas. Otros usuarios particulares e institucionales son invitados a acceder gratuitamente a la versi&#xF3;n on-line.
Comienza 
</subfield>
  </datafield>
  <datafield tag="041" ind1=" " ind2=" ">
    <subfield code="a">spa</subfield>
  </datafield>
  <datafield tag="942" ind1=" " ind2=" ">
    <subfield code="c">SER</subfield>
  </datafield>
  <datafield tag="590" ind1=" " ind2=" ">
    <subfield code="a">niveau_biblio:s niveau_hierar:1</subfield>
  </datafield>
  <datafield tag="100" ind1="1" ind2=" ">
    <subfield code="a">Popescu, Oreste</subfield>
  </datafield>
  <datafield tag="700" ind1="1" ind2=" ">
    <subfield code="a">Universidad Nacional de la Plata. Facultad de Ciencias Econ&#xF3;micas</subfield>
  </datafield>
  <datafield tag="650" ind1=" " ind2=" ">
    <subfield code="a">Ciclo econ&#xF3;mico</subfield>
  </datafield>
  <datafield tag="650" ind1=" " ind2=" ">
    <subfield code="a">Condiciones econ&#xF3;micas</subfield>
  </datafield>
  <datafield tag="650" ind1=" " ind2=" ">
    <subfield code="a">Pol&#xED;tica econ&#xF3;mica</subfield>
  </datafield>
  <datafield tag="650" ind1=" " ind2=" ">
    <subfield code="a">Pol&#xED;tica fiscal</subfield>
  </datafield>
  <datafield tag="856" ind1="4" ind2="1">
    <subfield code="u">https://biblioeco.unsa.edu.ar/pmb/images/revistas/Economica.jpg</subfield>
    <subfield code="y">Imagen de portada</subfield>
    <subfield code="q">image/jpeg</subfield>
  </datafield>
  <datafield tag="999" ind1=" " ind2=" ">
    <subfield code="c">8437</subfield>
    <subfield code="d">8437</subfield>
  </datafield>
  <datafield tag="952" ind1=" " ind2=" ">
    <subfield code="0">0</subfield>
    <subfield code="1">0</subfield>
    <subfield code="4">0</subfield>
    <subfield code="7">0</subfield>
    <subfield code="a">BCEJYS</subfield>
    <subfield code="b">BCEJYS</subfield>
    <subfield code="c">17</subfield>
    <subfield code="d">2015-01-01</subfield>
    <subfield code="h">A&#xF1;o LXI, N&#xBA; 1/2 - ene./dic. 2015</subfield>
    <subfield code="l">0</subfield>
    <subfield code="o">H338 ECO a61.n1/2</subfield>
    <subfield code="p">R21633</subfield>
    <subfield code="r">2026-04-10 16:07:10</subfield>
    <subfield code="w">2026-04-10</subfield>
    <subfield code="y">RN</subfield>
  </datafield>
  <datafield tag="952" ind1=" " ind2=" ">
    <subfield code="0">0</subfield>
    <subfield code="1">0</subfield>
    <subfield code="4">0</subfield>
    <subfield code="7">0</subfield>
    <subfield code="a">BCEJYS</subfield>
    <subfield code="b">BCEJYS</subfield>
    <subfield code="c">17</subfield>
    <subfield code="d">2013-01-01</subfield>
    <subfield code="h">A&#xF1;o LIX, N&#xBA; 1/2 - ene./dic. 2013</subfield>
    <subfield code="l">0</subfield>
    <subfield code="o">H338 ECO a59.n1/2</subfield>
    <subfield code="p">R21632</subfield>
    <subfield code="r">2026-04-10 16:07:10</subfield>
    <subfield code="w">2026-04-10</subfield>
    <subfield code="y">RN</subfield>
  </datafield>
  <datafield tag="952" ind1=" " ind2=" ">
    <subfield code="0">0</subfield>
    <subfield code="1">0</subfield>
    <subfield code="4">0</subfield>
    <subfield code="7">0</subfield>
    <subfield code="a">BCEJYS</subfield>
    <subfield code="b">BCEJYS</subfield>
    <subfield code="c">17</subfield>
    <subfield code="d">2012-01-01</subfield>
    <subfield code="h">A&#xF1;o LVIII, N&#xBA; 1/2 - ene./dic. 2012</subfield>
    <subfield code="l">0</subfield>
    <subfield code="o">H338 ECO a58.n1/2</subfield>
    <subfield code="p">R21631</subfield>
    <subfield code="r">2026-04-10 16:07:10</subfield>
    <subfield code="w">2026-04-10</subfield>
    <subfield code="y">RN</subfield>
  </datafield>
  <datafield tag="952" ind1=" " ind2=" ">
    <subfield code="0">0</subfield>
    <subfield code="1">0</subfield>
    <subfield code="4">0</subfield>
    <subfield code="7">0</subfield>
    <subfield code="a">BCEJYS</subfield>
    <subfield code="b">BCEJYS</subfield>
    <subfield code="c">17</subfield>
    <subfield code="d">2008-01-01</subfield>
    <subfield code="h">A&#xF1;o LIV, N&#xBA; 1/2 - ene./dic. 2008</subfield>
    <subfield code="l">0</subfield>
    <subfield code="o">H338 ECO a54.n1/2</subfield>
    <subfield code="p">R11750</subfield>
    <subfield code="r">2026-04-10 16:07:10</subfield>
    <subfield code="w">2026-04-10</subfield>
    <subfield code="y">RN</subfield>
  </datafield>
  <datafield tag="952" ind1=" " ind2=" ">
    <subfield code="0">0</subfield>
    <subfield code="1">0</subfield>
    <subfield code="4">0</subfield>
    <subfield code="7">0</subfield>
    <subfield code="a">BCEJYS</subfield>
    <subfield code="b">BCEJYS</subfield>
    <subfield code="c">13</subfield>
    <subfield code="d">2004-01-01</subfield>
    <subfield code="h">A&#xF1;o L, N&#xBA; 1/2 - ene./dic. 2004</subfield>
    <subfield code="l">0</subfield>
    <subfield code="o">H338 ECO a50.n1/2</subfield>
    <subfield code="p">R21925</subfield>
    <subfield code="r">2026-04-10 16:07:10</subfield>
    <subfield code="w">2026-04-10</subfield>
    <subfield code="y">RN</subfield>
  </datafield>
  <datafield tag="952" ind1=" " ind2=" ">
    <subfield code="0">0</subfield>
    <subfield code="1">0</subfield>
    <subfield code="4">0</subfield>
    <subfield code="7">0</subfield>
    <subfield code="a">BCEJYS</subfield>
    <subfield code="b">BCEJYS</subfield>
    <subfield code="c">13</subfield>
    <subfield code="d">2002-01-01</subfield>
    <subfield code="h">A&#xF1;o XLVIII, N&#xBA; 1/2 - ene./dic. 2002</subfield>
    <subfield code="l">0</subfield>
    <subfield code="o">H338 ECO a48.n1/2</subfield>
    <subfield code="p">R21924</subfield>
    <subfield code="r">2026-04-10 16:07:10</subfield>
    <subfield code="w">2026-04-10</subfield>
    <subfield code="y">RN</subfield>
  </datafield>
  <datafield tag="952" ind1=" " ind2=" ">
    <subfield code="0">0</subfield>
    <subfield code="1">0</subfield>
    <subfield code="4">0</subfield>
    <subfield code="7">0</subfield>
    <subfield code="a">BCEJYS</subfield>
    <subfield code="b">BCEJYS</subfield>
    <subfield code="c">13</subfield>
    <subfield code="d">2000-01-01</subfield>
    <subfield code="h">A&#xF1;o XLVI, N&#xBA; 1 - ene./jun. 2000</subfield>
    <subfield code="l">0</subfield>
    <subfield code="o">H338 ECO a46.n1</subfield>
    <subfield code="p">R21923</subfield>
    <subfield code="r">2026-04-10 16:07:10</subfield>
    <subfield code="w">2026-04-10</subfield>
    <subfield code="y">RN</subfield>
  </datafield>
  <datafield tag="952" ind1=" " ind2=" ">
    <subfield code="0">0</subfield>
    <subfield code="1">0</subfield>
    <subfield code="4">0</subfield>
    <subfield code="7">0</subfield>
    <subfield code="a">BCEJYS</subfield>
    <subfield code="b">BCEJYS</subfield>
    <subfield code="c">13</subfield>
    <subfield code="d">1999-07-01</subfield>
    <subfield code="h">A&#xF1;o XLV, N&#xBA; 2 T.1 - jul./dic. 1999</subfield>
    <subfield code="l">0</subfield>
    <subfield code="o">H338 ECO a45.n2 t1</subfield>
    <subfield code="p">R21180</subfield>
    <subfield code="r">2026-04-10 16:07:10</subfield>
    <subfield code="w">2026-04-10</subfield>
    <subfield code="y">RN</subfield>
  </datafield>
  <datafield tag="952" ind1=" " ind2=" ">
    <subfield code="0">0</subfield>
    <subfield code="1">0</subfield>
    <subfield code="4">0</subfield>
    <subfield code="7">0</subfield>
    <subfield code="a">BCEJYS</subfield>
    <subfield code="b">BCEJYS</subfield>
    <subfield code="c">13</subfield>
    <subfield code="d">1999-01-01</subfield>
    <subfield code="h">A&#xF1;o XLV, N&#xBA; 1 - ene./jun. 1999</subfield>
    <subfield code="l">0</subfield>
    <subfield code="o">H338 ECO a45.n1</subfield>
    <subfield code="p">R21179</subfield>
    <subfield code="r">2026-04-10 16:07:10</subfield>
    <subfield code="w">2026-04-10</subfield>
    <subfield code="y">RN</subfield>
  </datafield>
  <datafield tag="952" ind1=" " ind2=" ">
    <subfield code="0">0</subfield>
    <subfield code="1">0</subfield>
    <subfield code="4">0</subfield>
    <subfield code="7">0</subfield>
    <subfield code="a">BCEJYS</subfield>
    <subfield code="b">BCEJYS</subfield>
    <subfield code="c">17</subfield>
    <subfield code="d">1998-12-01</subfield>
    <subfield code="h">A&#xF1;o XLIV, N&#xBA; 3 - dic. 1998</subfield>
    <subfield code="l">0</subfield>
    <subfield code="o">H338 ECO a44.n3</subfield>
    <subfield code="p">R05574</subfield>
    <subfield code="r">2026-04-10 16:07:10</subfield>
    <subfield code="w">2026-04-10</subfield>
    <subfield code="y">RN</subfield>
  </datafield>
  <datafield tag="952" ind1=" " ind2=" ">
    <subfield code="0">0</subfield>
    <subfield code="1">0</subfield>
    <subfield code="4">0</subfield>
    <subfield code="7">0</subfield>
    <subfield code="a">BCEJYS</subfield>
    <subfield code="b">BCEJYS</subfield>
    <subfield code="c">13</subfield>
    <subfield code="d">1996-01-01</subfield>
    <subfield code="h">A&#xF1;o XLII, N&#xBA; 1/2 - ene. 1996</subfield>
    <subfield code="l">0</subfield>
    <subfield code="o">H338 ECO a42.n1/2</subfield>
    <subfield code="p">R20907</subfield>
    <subfield code="r">2026-04-10 16:07:10</subfield>
    <subfield code="w">2026-04-10</subfield>
    <subfield code="y">RN</subfield>
  </datafield>
  <datafield tag="952" ind1=" " ind2=" ">
    <subfield code="0">0</subfield>
    <subfield code="1">0</subfield>
    <subfield code="4">0</subfield>
    <subfield code="7">0</subfield>
    <subfield code="a">BCEJYS</subfield>
    <subfield code="b">BCEJYS</subfield>
    <subfield code="c">13</subfield>
    <subfield code="d">1995-10-01</subfield>
    <subfield code="h">A&#xF1;o XLI, N&#xBA; 2 - oct./dic. 1995</subfield>
    <subfield code="l">0</subfield>
    <subfield code="o">H338 ECO a41.n2</subfield>
    <subfield code="p">R20906</subfield>
    <subfield code="r">2026-04-10 16:07:10</subfield>
    <subfield code="w">2026-04-10</subfield>
    <subfield code="y">RN</subfield>
  </datafield>
  <datafield tag="952" ind1=" " ind2=" ">
    <subfield code="0">0</subfield>
    <subfield code="1">0</subfield>
    <subfield code="4">0</subfield>
    <subfield code="7">0</subfield>
    <subfield code="a">BCEJYS</subfield>
    <subfield code="b">BCEJYS</subfield>
    <subfield code="c">17</subfield>
    <subfield code="d">1994-06-01</subfield>
    <subfield code="h">A&#xF1;o XL, N&#xBA; 2 - jun. 1994</subfield>
    <subfield code="l">0</subfield>
    <subfield code="o">H338 ECO a40.n2</subfield>
    <subfield code="p">R05573</subfield>
    <subfield code="r">2026-04-10 16:07:10</subfield>
    <subfield code="w">2026-04-10</subfield>
    <subfield code="y">RN</subfield>
  </datafield>
  <datafield tag="952" ind1=" " ind2=" ">
    <subfield code="0">0</subfield>
    <subfield code="1">0</subfield>
    <subfield code="4">0</subfield>
    <subfield code="7">0</subfield>
    <subfield code="a">BCEJYS</subfield>
    <subfield code="b">BCEJYS</subfield>
    <subfield code="c">13</subfield>
    <subfield code="d">1994-01-01</subfield>
    <subfield code="h">A&#xF1;o XL, N&#xBA; 1 - ene. 1994</subfield>
    <subfield code="l">0</subfield>
    <subfield code="o">H338 ECO a40.n1</subfield>
    <subfield code="p">R20905</subfield>
    <subfield code="r">2026-04-10 16:07:10</subfield>
    <subfield code="w">2026-04-10</subfield>
    <subfield code="y">RN</subfield>
  </datafield>
  <datafield tag="952" ind1=" " ind2=" ">
    <subfield code="0">0</subfield>
    <subfield code="1">0</subfield>
    <subfield code="4">0</subfield>
    <subfield code="7">0</subfield>
    <subfield code="a">BCEJYS</subfield>
    <subfield code="b">BCEJYS</subfield>
    <subfield code="c">13</subfield>
    <subfield code="d">1993-01-01</subfield>
    <subfield code="h">A&#xF1;o XXXIX, N&#xBA; 1/2 - ene. 1993</subfield>
    <subfield code="l">0</subfield>
    <subfield code="o">H338 ECO a39.n1/2</subfield>
    <subfield code="p">R20904</subfield>
    <subfield code="r">2026-04-10 16:07:10</subfield>
    <subfield code="w">2026-04-10</subfield>
    <subfield code="y">RN</subfield>
  </datafield>
  <datafield tag="952" ind1=" " ind2=" ">
    <subfield code="0">0</subfield>
    <subfield code="1">0</subfield>
    <subfield code="4">0</subfield>
    <subfield code="7">0</subfield>
    <subfield code="a">BCEJYS</subfield>
    <subfield code="b">BCEJYS</subfield>
    <subfield code="c">17</subfield>
    <subfield code="d">1992-01-01</subfield>
    <subfield code="h">A&#xF1;o XXXVIII, N&#xBA; 1/2 - ene. 1992</subfield>
    <subfield code="l">0</subfield>
    <subfield code="o">H338 ECO a38.n1/2</subfield>
    <subfield code="p">R05572</subfield>
    <subfield code="r">2026-04-10 16:07:10</subfield>
    <subfield code="w">2026-04-10</subfield>
    <subfield code="y">RN</subfield>
  </datafield>
  <datafield tag="952" ind1=" " ind2=" ">
    <subfield code="0">0</subfield>
    <subfield code="1">0</subfield>
    <subfield code="4">0</subfield>
    <subfield code="7">0</subfield>
    <subfield code="a">BCEJYS</subfield>
    <subfield code="b">BCEJYS</subfield>
    <subfield code="c">17</subfield>
    <subfield code="d">1988-01-01</subfield>
    <subfield code="h">A&#xF1;o XXXIV,N&#xBA; 1 - ene./jun.1988</subfield>
    <subfield code="l">0</subfield>
    <subfield code="o">H338 ECO a34.n1</subfield>
    <subfield code="p">R05570</subfield>
    <subfield code="r">2026-04-10 16:07:10</subfield>
    <subfield code="w">2026-04-10</subfield>
    <subfield code="y">RN</subfield>
  </datafield>
  <datafield tag="952" ind1=" " ind2=" ">
    <subfield code="0">0</subfield>
    <subfield code="1">0</subfield>
    <subfield code="4">0</subfield>
    <subfield code="7">0</subfield>
    <subfield code="a">BCEJYS</subfield>
    <subfield code="b">BCEJYS</subfield>
    <subfield code="c">17</subfield>
    <subfield code="d">1988-01-01</subfield>
    <subfield code="h">A&#xF1;o XXXIV,N&#xBA; 1 - ene./jun.1988</subfield>
    <subfield code="l">0</subfield>
    <subfield code="o">H338 ECO a34.n1 Ej.2</subfield>
    <subfield code="p">R05571</subfield>
    <subfield code="r">2026-04-10 16:07:10</subfield>
    <subfield code="w">2026-04-10</subfield>
    <subfield code="y">RN</subfield>
  </datafield>
  <datafield tag="952" ind1=" " ind2=" ">
    <subfield code="0">0</subfield>
    <subfield code="1">0</subfield>
    <subfield code="4">0</subfield>
    <subfield code="7">0</subfield>
    <subfield code="a">BCEJYS</subfield>
    <subfield code="b">BCEJYS</subfield>
    <subfield code="c">17</subfield>
    <subfield code="d">1987-07-01</subfield>
    <subfield code="h">A&#xF1;o XXXIII,N&#xBA; 2 - jul./dic. 1987</subfield>
    <subfield code="l">0</subfield>
    <subfield code="o">H338 ECO a33.n2</subfield>
    <subfield code="p">R05568</subfield>
    <subfield code="r">2026-04-10 16:07:10</subfield>
    <subfield code="w">2026-04-10</subfield>
    <subfield code="y">RN</subfield>
  </datafield>
  <datafield tag="952" ind1=" " ind2=" ">
    <subfield code="0">0</subfield>
    <subfield code="1">0</subfield>
    <subfield code="4">0</subfield>
    <subfield code="7">0</subfield>
    <subfield code="a">BCEJYS</subfield>
    <subfield code="b">BCEJYS</subfield>
    <subfield code="c">17</subfield>
    <subfield code="d">1987-07-01</subfield>
    <subfield code="h">A&#xF1;o XXXIII,N&#xBA; 2 - jul./dic. 1987</subfield>
    <subfield code="l">0</subfield>
    <subfield code="o">H338 ECO a33.n2 Ej.2</subfield>
    <subfield code="p">R05569</subfield>
    <subfield code="r">2026-04-10 16:07:10</subfield>
    <subfield code="w">2026-04-10</subfield>
    <subfield code="y">RN</subfield>
  </datafield>
  <datafield tag="952" ind1=" " ind2=" ">
    <subfield code="0">0</subfield>
    <subfield code="1">0</subfield>
    <subfield code="4">0</subfield>
    <subfield code="7">0</subfield>
    <subfield code="a">BCEJYS</subfield>
    <subfield code="b">BCEJYS</subfield>
    <subfield code="c">17</subfield>
    <subfield code="d">1987-01-01</subfield>
    <subfield code="h">A&#xF1;o XXXIII, N&#xBA; 1 - ene./jun. 1987</subfield>
    <subfield code="l">0</subfield>
    <subfield code="o">H338 ECO a33.n1</subfield>
    <subfield code="p">R05567</subfield>
    <subfield code="r">2026-04-10 16:07:10</subfield>
    <subfield code="w">2026-04-10</subfield>
    <subfield code="y">RN</subfield>
  </datafield>
  <datafield tag="952" ind1=" " ind2=" ">
    <subfield code="0">0</subfield>
    <subfield code="1">0</subfield>
    <subfield code="4">0</subfield>
    <subfield code="7">0</subfield>
    <subfield code="a">BCEJYS</subfield>
    <subfield code="b">BCEJYS</subfield>
    <subfield code="c">17</subfield>
    <subfield code="d">1986-07-01</subfield>
    <subfield code="h">A&#xF1;o XXXII,N&#xBA; 2 - jul./dic. 1986</subfield>
    <subfield code="l">0</subfield>
    <subfield code="o">H338 ECO a32.n2</subfield>
    <subfield code="p">R05566</subfield>
    <subfield code="r">2026-04-10 16:07:10</subfield>
    <subfield code="w">2026-04-10</subfield>
    <subfield code="y">RN</subfield>
  </datafield>
  <datafield tag="952" ind1=" " ind2=" ">
    <subfield code="0">0</subfield>
    <subfield code="1">0</subfield>
    <subfield code="4">0</subfield>
    <subfield code="7">0</subfield>
    <subfield code="a">BCEJYS</subfield>
    <subfield code="b">BCEJYS</subfield>
    <subfield code="c">17</subfield>
    <subfield code="d">1986-01-01</subfield>
    <subfield code="h">A&#xF1;o XXXII, N&#xBA; 1 - ene./jun. 1986</subfield>
    <subfield code="l">0</subfield>
    <subfield code="o">H338 ECO a32.n1</subfield>
    <subfield code="p">R05564</subfield>
    <subfield code="r">2026-04-10 16:07:10</subfield>
    <subfield code="w">2026-04-10</subfield>
    <subfield code="y">RN</subfield>
  </datafield>
  <datafield tag="952" ind1=" " ind2=" ">
    <subfield code="0">0</subfield>
    <subfield code="1">0</subfield>
    <subfield code="4">0</subfield>
    <subfield code="7">0</subfield>
    <subfield code="a">BCEJYS</subfield>
    <subfield code="b">BCEJYS</subfield>
    <subfield code="c">17</subfield>
    <subfield code="d">1986-01-01</subfield>
    <subfield code="h">A&#xF1;o XXXII, N&#xBA; 1 - ene./jun. 1986</subfield>
    <subfield code="l">0</subfield>
    <subfield code="o">H338 ECO a32.n1 Ej.2</subfield>
    <subfield code="p">R05565</subfield>
    <subfield code="r">2026-04-10 16:07:10</subfield>
    <subfield code="w">2026-04-10</subfield>
    <subfield code="y">RN</subfield>
  </datafield>
  <datafield tag="952" ind1=" " ind2=" ">
    <subfield code="0">0</subfield>
    <subfield code="1">0</subfield>
    <subfield code="4">0</subfield>
    <subfield code="7">0</subfield>
    <subfield code="a">BCEJYS</subfield>
    <subfield code="b">BCEJYS</subfield>
    <subfield code="c">17</subfield>
    <subfield code="d">1985-05-01</subfield>
    <subfield code="h">A&#xF1;o XXXI, N&#xBA; 2/3 - mayo/dic. 1985</subfield>
    <subfield code="l">0</subfield>
    <subfield code="o">H338 ECO a31.n2/3</subfield>
    <subfield code="p">R11329</subfield>
    <subfield code="r">2026-04-10 16:07:10</subfield>
    <subfield code="w">2026-04-10</subfield>
    <subfield code="y">RN</subfield>
  </datafield>
  <datafield tag="952" ind1=" " ind2=" ">
    <subfield code="0">0</subfield>
    <subfield code="1">0</subfield>
    <subfield code="4">0</subfield>
    <subfield code="7">0</subfield>
    <subfield code="a">BCEJYS</subfield>
    <subfield code="b">BCEJYS</subfield>
    <subfield code="c">17</subfield>
    <subfield code="d">1985-01-01</subfield>
    <subfield code="h">A&#xF1;o XXXI, N&#xBA;1 - ene./abr. 1985</subfield>
    <subfield code="l">0</subfield>
    <subfield code="o">H338 ECO a31.n1</subfield>
    <subfield code="p">R23307</subfield>
    <subfield code="r">2026-04-10 16:07:10</subfield>
    <subfield code="w">2026-04-10</subfield>
    <subfield code="y">RN</subfield>
  </datafield>
  <datafield tag="952" ind1=" " ind2=" ">
    <subfield code="0">0</subfield>
    <subfield code="1">0</subfield>
    <subfield code="4">0</subfield>
    <subfield code="7">0</subfield>
    <subfield code="a">BCEJYS</subfield>
    <subfield code="b">BCEJYS</subfield>
    <subfield code="c">17</subfield>
    <subfield code="d">1984-05-01</subfield>
    <subfield code="h">A&#xF1;o XXX, N&#xBA; 2/3 - may./dic. 1984</subfield>
    <subfield code="l">0</subfield>
    <subfield code="o">H338 ECO a30.n2/3</subfield>
    <subfield code="p">R05563</subfield>
    <subfield code="r">2026-04-10 16:07:10</subfield>
    <subfield code="w">2026-04-10</subfield>
    <subfield code="y">RN</subfield>
  </datafield>
  <datafield tag="952" ind1=" " ind2=" ">
    <subfield code="0">0</subfield>
    <subfield code="1">0</subfield>
    <subfield code="4">0</subfield>
    <subfield code="7">0</subfield>
    <subfield code="a">BCEJYS</subfield>
    <subfield code="b">BCEJYS</subfield>
    <subfield code="c">17</subfield>
    <subfield code="d">1984-01-01</subfield>
    <subfield code="h">A&#xF1;o XXX, N&#xBA; 1 - ene./abr. 1984</subfield>
    <subfield code="l">0</subfield>
    <subfield code="o">H338 ECO a30.n1</subfield>
    <subfield code="p">R05562</subfield>
    <subfield code="r">2026-04-10 16:07:10</subfield>
    <subfield code="w">2026-04-10</subfield>
    <subfield code="y">RN</subfield>
  </datafield>
  <datafield tag="952" ind1=" " ind2=" ">
    <subfield code="0">0</subfield>
    <subfield code="1">0</subfield>
    <subfield code="4">0</subfield>
    <subfield code="7">0</subfield>
    <subfield code="a">BCEJYS</subfield>
    <subfield code="b">BCEJYS</subfield>
    <subfield code="c">17</subfield>
    <subfield code="d">1983-05-01</subfield>
    <subfield code="h">A&#xF1;o XXIX, N&#xBA; 2/3 - may./dic. 1983</subfield>
    <subfield code="l">0</subfield>
    <subfield code="o">H338 ECO a29.n2/3</subfield>
    <subfield code="p">R05561</subfield>
    <subfield code="r">2026-04-10 16:07:10</subfield>
    <subfield code="w">2026-04-10</subfield>
    <subfield code="y">RN</subfield>
  </datafield>
  <datafield tag="952" ind1=" " ind2=" ">
    <subfield code="0">0</subfield>
    <subfield code="1">0</subfield>
    <subfield code="4">0</subfield>
    <subfield code="7">0</subfield>
    <subfield code="a">BCEJYS</subfield>
    <subfield code="b">BCEJYS</subfield>
    <subfield code="c">17</subfield>
    <subfield code="d">1983-01-01</subfield>
    <subfield code="h">A&#xF1;o XXIX, N&#xBA; 1 - ene./abr.1983</subfield>
    <subfield code="l">0</subfield>
    <subfield code="o">H338 ECO a29.n1</subfield>
    <subfield code="p">R05560</subfield>
    <subfield code="r">2026-04-10 16:07:10</subfield>
    <subfield code="w">2026-04-10</subfield>
    <subfield code="y">RN</subfield>
  </datafield>
  <datafield tag="952" ind1=" " ind2=" ">
    <subfield code="0">0</subfield>
    <subfield code="1">0</subfield>
    <subfield code="4">0</subfield>
    <subfield code="7">0</subfield>
    <subfield code="a">BCEJYS</subfield>
    <subfield code="b">BCEJYS</subfield>
    <subfield code="c">17</subfield>
    <subfield code="d">1982-09-01</subfield>
    <subfield code="h">A&#xF1;o XXVIII, N&#xBA; 3 - sep./dic.1982</subfield>
    <subfield code="l">0</subfield>
    <subfield code="o">H338 ECO a28.n3</subfield>
    <subfield code="p">R05558</subfield>
    <subfield code="r">2026-04-10 16:07:10</subfield>
    <subfield code="w">2026-04-10</subfield>
    <subfield code="y">RN</subfield>
  </datafield>
  <datafield tag="952" ind1=" " ind2=" ">
    <subfield code="0">0</subfield>
    <subfield code="1">0</subfield>
    <subfield code="4">0</subfield>
    <subfield code="7">0</subfield>
    <subfield code="a">BCEJYS</subfield>
    <subfield code="b">BCEJYS</subfield>
    <subfield code="c">17</subfield>
    <subfield code="d">1982-09-01</subfield>
    <subfield code="h">A&#xF1;o XXVIII, N&#xBA; 3 - sep./dic.1982</subfield>
    <subfield code="l">0</subfield>
    <subfield code="o">H338 ECO a28.n3 Ej.2</subfield>
    <subfield code="p">R05559</subfield>
    <subfield code="r">2026-04-10 16:07:10</subfield>
    <subfield code="w">2026-04-10</subfield>
    <subfield code="y">RN</subfield>
  </datafield>
  <datafield tag="952" ind1=" " ind2=" ">
    <subfield code="0">0</subfield>
    <subfield code="1">0</subfield>
    <subfield code="4">0</subfield>
    <subfield code="7">0</subfield>
    <subfield code="a">BCEJYS</subfield>
    <subfield code="b">BCEJYS</subfield>
    <subfield code="c">17</subfield>
    <subfield code="d">1982-01-01</subfield>
    <subfield code="h">A&#xF1;o XXVIII, N&#xBA; 1/2 - ene./ago. 1982</subfield>
    <subfield code="l">0</subfield>
    <subfield code="o">H338 ECO a28.n1/2</subfield>
    <subfield code="p">R05556</subfield>
    <subfield code="r">2026-04-10 16:07:10</subfield>
    <subfield code="w">2026-04-10</subfield>
    <subfield code="y">RN</subfield>
  </datafield>
  <datafield tag="952" ind1=" " ind2=" ">
    <subfield code="0">0</subfield>
    <subfield code="1">0</subfield>
    <subfield code="4">0</subfield>
    <subfield code="7">0</subfield>
    <subfield code="a">BCEJYS</subfield>
    <subfield code="b">BCEJYS</subfield>
    <subfield code="c">17</subfield>
    <subfield code="d">1982-01-01</subfield>
    <subfield code="h">A&#xF1;o XXVIII, N&#xBA; 1/2 - ene./ago. 1982</subfield>
    <subfield code="l">0</subfield>
    <subfield code="o">H338 ECO a28.n1/2 Ej.2</subfield>
    <subfield code="p">R05557</subfield>
    <subfield code="r">2026-04-10 16:07:10</subfield>
    <subfield code="w">2026-04-10</subfield>
    <subfield code="y">RN</subfield>
  </datafield>
  <datafield tag="952" ind1=" " ind2=" ">
    <subfield code="0">0</subfield>
    <subfield code="1">0</subfield>
    <subfield code="4">0</subfield>
    <subfield code="7">0</subfield>
    <subfield code="a">BCEJYS</subfield>
    <subfield code="b">BCEJYS</subfield>
    <subfield code="c">17</subfield>
    <subfield code="d">1981-09-01</subfield>
    <subfield code="h">A&#xF1;o XXVII, N&#xBA; 3 - sep./dic. 1981</subfield>
    <subfield code="l">0</subfield>
    <subfield code="o">H338 ECO a27.n3</subfield>
    <subfield code="p">R05554</subfield>
    <subfield code="r">2026-04-10 16:07:10</subfield>
    <subfield code="w">2026-04-10</subfield>
    <subfield code="y">RN</subfield>
  </datafield>
  <datafield tag="952" ind1=" " ind2=" ">
    <subfield code="0">0</subfield>
    <subfield code="1">0</subfield>
    <subfield code="4">0</subfield>
    <subfield code="7">0</subfield>
    <subfield code="a">BCEJYS</subfield>
    <subfield code="b">BCEJYS</subfield>
    <subfield code="c">17</subfield>
    <subfield code="d">1981-09-01</subfield>
    <subfield code="h">A&#xF1;o XXVII, N&#xBA; 3 - sep./dic. 1981</subfield>
    <subfield code="l">0</subfield>
    <subfield code="o">H338 ECO a27.n3 Ej.2</subfield>
    <subfield code="p">R05555</subfield>
    <subfield code="r">2026-04-10 16:07:10</subfield>
    <subfield code="w">2026-04-10</subfield>
    <subfield code="y">RN</subfield>
  </datafield>
  <datafield tag="952" ind1=" " ind2=" ">
    <subfield code="0">0</subfield>
    <subfield code="1">0</subfield>
    <subfield code="4">0</subfield>
    <subfield code="7">0</subfield>
    <subfield code="a">BCEJYS</subfield>
    <subfield code="b">BCEJYS</subfield>
    <subfield code="c">17</subfield>
    <subfield code="d">1981-01-01</subfield>
    <subfield code="h">A&#xF1;o XXVII, N&#xBA; 1/2 - ene./ago. 1981</subfield>
    <subfield code="l">0</subfield>
    <subfield code="o">H338 ECO a27.n1/2</subfield>
    <subfield code="p">R05553</subfield>
    <subfield code="r">2026-04-10 16:07:10</subfield>
    <subfield code="w">2026-04-10</subfield>
    <subfield code="y">RN</subfield>
  </datafield>
  <datafield tag="952" ind1=" " ind2=" ">
    <subfield code="0">0</subfield>
    <subfield code="1">0</subfield>
    <subfield code="4">0</subfield>
    <subfield code="7">0</subfield>
    <subfield code="a">BCEJYS</subfield>
    <subfield code="b">BCEJYS</subfield>
    <subfield code="c">17</subfield>
    <subfield code="d">1980-09-01</subfield>
    <subfield code="h">A&#xF1;o XXVI, N&#xBA; 3 - sep./dic. 1980</subfield>
    <subfield code="l">0</subfield>
    <subfield code="o">H338 ECO a26.n3</subfield>
    <subfield code="p">R05552</subfield>
    <subfield code="r">2026-04-10 16:07:10</subfield>
    <subfield code="w">2026-04-10</subfield>
    <subfield code="y">RN</subfield>
  </datafield>
  <datafield tag="952" ind1=" " ind2=" ">
    <subfield code="0">0</subfield>
    <subfield code="1">0</subfield>
    <subfield code="4">0</subfield>
    <subfield code="7">0</subfield>
    <subfield code="a">BCEJYS</subfield>
    <subfield code="b">BCEJYS</subfield>
    <subfield code="c">17</subfield>
    <subfield code="d">1980-01-01</subfield>
    <subfield code="h">A&#xF1;o XXVI, N&#xBA; 1/2 - ene./ago. 1980</subfield>
    <subfield code="l">0</subfield>
    <subfield code="o">H338 ECO a26.n1/2</subfield>
    <subfield code="p">R05551</subfield>
    <subfield code="r">2026-04-10 16:07:10</subfield>
    <subfield code="w">2026-04-10</subfield>
    <subfield code="y">RN</subfield>
  </datafield>
  <datafield tag="952" ind1=" " ind2=" ">
    <subfield code="0">0</subfield>
    <subfield code="1">0</subfield>
    <subfield code="4">0</subfield>
    <subfield code="7">0</subfield>
    <subfield code="a">BCEJYS</subfield>
    <subfield code="b">BCEJYS</subfield>
    <subfield code="c">17</subfield>
    <subfield code="d">1979-01-01</subfield>
    <subfield code="h">A&#xF1;o XXV, N&#xBA; 1/2/3 - ene./dic. 1979</subfield>
    <subfield code="l">0</subfield>
    <subfield code="o">H338 ECO a25.n1/2/3</subfield>
    <subfield code="p">R05550</subfield>
    <subfield code="r">2026-04-10 16:07:10</subfield>
    <subfield code="w">2026-04-10</subfield>
    <subfield code="y">RN</subfield>
  </datafield>
  <datafield tag="952" ind1=" " ind2=" ">
    <subfield code="0">0</subfield>
    <subfield code="1">0</subfield>
    <subfield code="4">0</subfield>
    <subfield code="7">0</subfield>
    <subfield code="a">BCEJYS</subfield>
    <subfield code="b">BCEJYS</subfield>
    <subfield code="c">17</subfield>
    <subfield code="d">1978-01-01</subfield>
    <subfield code="h">A&#xF1;o XXIV, N&#xBA; 1/2/3 - ene./dic.1978</subfield>
    <subfield code="l">0</subfield>
    <subfield code="o">H338 ECO a24.n1/2/3</subfield>
    <subfield code="p">R05549</subfield>
    <subfield code="r">2026-04-10 16:07:10</subfield>
    <subfield code="w">2026-04-10</subfield>
    <subfield code="y">RN</subfield>
  </datafield>
  <datafield tag="952" ind1=" " ind2=" ">
    <subfield code="0">0</subfield>
    <subfield code="1">0</subfield>
    <subfield code="4">0</subfield>
    <subfield code="7">0</subfield>
    <subfield code="a">BCEJYS</subfield>
    <subfield code="b">BCEJYS</subfield>
    <subfield code="c">17</subfield>
    <subfield code="d">1977-09-01</subfield>
    <subfield code="h">A&#xF1;o XXIII, N&#xBA;3 - sep./dic. 1977</subfield>
    <subfield code="l">0</subfield>
    <subfield code="o">H338 ECO a23.n3</subfield>
    <subfield code="p">R05548</subfield>
    <subfield code="r">2026-04-10 16:07:10</subfield>
    <subfield code="w">2026-04-10</subfield>
    <subfield code="y">RN</subfield>
  </datafield>
  <datafield tag="952" ind1=" " ind2=" ">
    <subfield code="0">0</subfield>
    <subfield code="1">0</subfield>
    <subfield code="4">0</subfield>
    <subfield code="7">0</subfield>
    <subfield code="a">BCEJYS</subfield>
    <subfield code="b">BCEJYS</subfield>
    <subfield code="c">17</subfield>
    <subfield code="d">1977-01-01</subfield>
    <subfield code="h">A&#xF1;o XXIII, N&#xBA; 1/2 - ene./ago. 1977</subfield>
    <subfield code="l">0</subfield>
    <subfield code="o">H338 ECO a23.n1/2</subfield>
    <subfield code="p">R05547</subfield>
    <subfield code="r">2026-04-10 16:07:10</subfield>
    <subfield code="w">2026-04-10</subfield>
    <subfield code="y">RN</subfield>
  </datafield>
  <datafield tag="952" ind1=" " ind2=" ">
    <subfield code="0">0</subfield>
    <subfield code="1">0</subfield>
    <subfield code="4">0</subfield>
    <subfield code="7">0</subfield>
    <subfield code="a">BCEJYS</subfield>
    <subfield code="b">BCEJYS</subfield>
    <subfield code="c">17</subfield>
    <subfield code="d">1976-05-01</subfield>
    <subfield code="h">A&#xF1;o XXII, N&#xBA;2/3 - may./dic. 1976</subfield>
    <subfield code="l">0</subfield>
    <subfield code="o">H338 ECO a22.n2/3</subfield>
    <subfield code="p">R05546</subfield>
    <subfield code="r">2026-04-10 16:07:10</subfield>
    <subfield code="w">2026-04-10</subfield>
    <subfield code="y">RN</subfield>
  </datafield>
  <datafield tag="952" ind1=" " ind2=" ">
    <subfield code="0">0</subfield>
    <subfield code="1">0</subfield>
    <subfield code="4">0</subfield>
    <subfield code="7">0</subfield>
    <subfield code="a">BCEJYS</subfield>
    <subfield code="b">BCEJYS</subfield>
    <subfield code="c">17</subfield>
    <subfield code="d">1976-01-01</subfield>
    <subfield code="h">A&#xF1;o XXII, N&#xBA; 1 - ene./abr.1976</subfield>
    <subfield code="l">0</subfield>
    <subfield code="o">H338 ECO a22.n1</subfield>
    <subfield code="p">R05545</subfield>
    <subfield code="r">2026-04-10 16:07:10</subfield>
    <subfield code="w">2026-04-10</subfield>
    <subfield code="y">RN</subfield>
  </datafield>
  <datafield tag="952" ind1=" " ind2=" ">
    <subfield code="0">0</subfield>
    <subfield code="1">0</subfield>
    <subfield code="4">0</subfield>
    <subfield code="7">0</subfield>
    <subfield code="a">BCEJYS</subfield>
    <subfield code="b">BCEJYS</subfield>
    <subfield code="c">17</subfield>
    <subfield code="d">1973-09-01</subfield>
    <subfield code="h">A&#xF1;o XIX, N&#xBA; 3 - sep./dic. 1973</subfield>
    <subfield code="l">0</subfield>
    <subfield code="o">H338 ECO a19.n3</subfield>
    <subfield code="p">R05544</subfield>
    <subfield code="r">2026-04-10 16:07:10</subfield>
    <subfield code="w">2026-04-10</subfield>
    <subfield code="y">RN</subfield>
  </datafield>
  <datafield tag="952" ind1=" " ind2=" ">
    <subfield code="0">0</subfield>
    <subfield code="1">0</subfield>
    <subfield code="4">0</subfield>
    <subfield code="7">0</subfield>
    <subfield code="a">BCEJYS</subfield>
    <subfield code="b">BCEJYS</subfield>
    <subfield code="c">17</subfield>
    <subfield code="d">1973-05-01</subfield>
    <subfield code="h">A&#xF1;o XIX, N&#xBA; 2 - may./ago. 1973</subfield>
    <subfield code="l">0</subfield>
    <subfield code="o">H338 ECO a19.n2</subfield>
    <subfield code="p">R05543</subfield>
    <subfield code="r">2026-04-10 16:07:10</subfield>
    <subfield code="w">2026-04-10</subfield>
    <subfield code="y">RN</subfield>
  </datafield>
  <datafield tag="952" ind1=" " ind2=" ">
    <subfield code="0">0</subfield>
    <subfield code="1">0</subfield>
    <subfield code="4">0</subfield>
    <subfield code="7">0</subfield>
    <subfield code="a">BCEJYS</subfield>
    <subfield code="b">BCEJYS</subfield>
    <subfield code="c">17</subfield>
    <subfield code="d">1973-01-01</subfield>
    <subfield code="h">A&#xF1;o XIX, N&#xBA; 1 - ene./abr. 1973</subfield>
    <subfield code="l">0</subfield>
    <subfield code="o">H338 ECO a19.n1</subfield>
    <subfield code="p">R05542</subfield>
    <subfield code="r">2026-04-10 16:07:10</subfield>
    <subfield code="w">2026-04-10</subfield>
    <subfield code="y">RN</subfield>
  </datafield>
  <datafield tag="952" ind1=" " ind2=" ">
    <subfield code="0">0</subfield>
    <subfield code="1">0</subfield>
    <subfield code="4">0</subfield>
    <subfield code="7">0</subfield>
    <subfield code="a">BCEJYS</subfield>
    <subfield code="b">BCEJYS</subfield>
    <subfield code="c">17</subfield>
    <subfield code="d">1972-09-01</subfield>
    <subfield code="h">A&#xF1;o XVIII, N&#xBA; 3 - sep./dic. 1972</subfield>
    <subfield code="l">0</subfield>
    <subfield code="o">H338 ECO a18.n3</subfield>
    <subfield code="p">R05541</subfield>
    <subfield code="r">2026-04-10 16:07:10</subfield>
    <subfield code="w">2026-04-10</subfield>
    <subfield code="y">RN</subfield>
  </datafield>
  <datafield tag="952" ind1=" " ind2=" ">
    <subfield code="0">0</subfield>
    <subfield code="1">0</subfield>
    <subfield code="4">0</subfield>
    <subfield code="7">0</subfield>
    <subfield code="a">BCEJYS</subfield>
    <subfield code="b">BCEJYS</subfield>
    <subfield code="c">17</subfield>
    <subfield code="d">1972-05-01</subfield>
    <subfield code="h">A&#xF1;o XVIII, N&#xBA; 2 - may./ago. 1972</subfield>
    <subfield code="l">0</subfield>
    <subfield code="o">H338 ECO a18.n2</subfield>
    <subfield code="p">R05540</subfield>
    <subfield code="r">2026-04-10 16:07:10</subfield>
    <subfield code="w">2026-04-10</subfield>
    <subfield code="y">RN</subfield>
  </datafield>
  <datafield tag="952" ind1=" " ind2=" ">
    <subfield code="0">0</subfield>
    <subfield code="1">0</subfield>
    <subfield code="4">0</subfield>
    <subfield code="7">0</subfield>
    <subfield code="a">BCEJYS</subfield>
    <subfield code="b">BCEJYS</subfield>
    <subfield code="c">17</subfield>
    <subfield code="d">1972-01-01</subfield>
    <subfield code="h">A&#xF1;o XVIII, N&#xBA; 1 - ene./abr. 1972</subfield>
    <subfield code="l">0</subfield>
    <subfield code="o">H338 ECO a18.n1</subfield>
    <subfield code="p">R05539</subfield>
    <subfield code="r">2026-04-10 16:07:10</subfield>
    <subfield code="w">2026-04-10</subfield>
    <subfield code="y">RN</subfield>
  </datafield>
  <datafield tag="952" ind1=" " ind2=" ">
    <subfield code="0">0</subfield>
    <subfield code="1">0</subfield>
    <subfield code="4">0</subfield>
    <subfield code="7">0</subfield>
    <subfield code="a">BCEJYS</subfield>
    <subfield code="b">BCEJYS</subfield>
    <subfield code="c">17</subfield>
    <subfield code="d">1971-09-01</subfield>
    <subfield code="h">A&#xF1;o XVII, N&#xBA; 3 - sep./dic.1971</subfield>
    <subfield code="l">0</subfield>
    <subfield code="o">H338 ECO a17.n3</subfield>
    <subfield code="p">R05538</subfield>
    <subfield code="r">2026-04-10 16:07:10</subfield>
    <subfield code="w">2026-04-10</subfield>
    <subfield code="y">RN</subfield>
  </datafield>
  <datafield tag="952" ind1=" " ind2=" ">
    <subfield code="0">0</subfield>
    <subfield code="1">0</subfield>
    <subfield code="4">0</subfield>
    <subfield code="7">0</subfield>
    <subfield code="a">BCEJYS</subfield>
    <subfield code="b">BCEJYS</subfield>
    <subfield code="c">17</subfield>
    <subfield code="d">1971-05-01</subfield>
    <subfield code="h">A&#xF1;o XVII, N&#xBA;2 - may./ago. 1971</subfield>
    <subfield code="l">0</subfield>
    <subfield code="o">H338 ECO a17.n2</subfield>
    <subfield code="p">R05537</subfield>
    <subfield code="r">2026-04-10 16:07:11</subfield>
    <subfield code="w">2026-04-10</subfield>
    <subfield code="y">RN</subfield>
  </datafield>
  <datafield tag="952" ind1=" " ind2=" ">
    <subfield code="0">0</subfield>
    <subfield code="1">0</subfield>
    <subfield code="4">0</subfield>
    <subfield code="7">0</subfield>
    <subfield code="a">BCEJYS</subfield>
    <subfield code="b">BCEJYS</subfield>
    <subfield code="c">17</subfield>
    <subfield code="d">1971-01-01</subfield>
    <subfield code="h">A&#xF1;o XVII, N&#xBA; 1 - ene./abr. 1971</subfield>
    <subfield code="l">0</subfield>
    <subfield code="o">H338 ECO a17.n1</subfield>
    <subfield code="p">R05536</subfield>
    <subfield code="r">2026-04-10 16:07:11</subfield>
    <subfield code="w">2026-04-10</subfield>
    <subfield code="y">RN</subfield>
  </datafield>
  <datafield tag="952" ind1=" " ind2=" ">
    <subfield code="0">0</subfield>
    <subfield code="1">0</subfield>
    <subfield code="4">0</subfield>
    <subfield code="7">0</subfield>
    <subfield code="a">BCEJYS</subfield>
    <subfield code="b">BCEJYS</subfield>
    <subfield code="c">17</subfield>
    <subfield code="d">1970-09-01</subfield>
    <subfield code="h">A&#xF1;o XVI, N&#xBA;3 - sep./dic. 1970</subfield>
    <subfield code="l">0</subfield>
    <subfield code="o">H338 ECO a16.n3</subfield>
    <subfield code="p">R05535</subfield>
    <subfield code="r">2026-04-10 16:07:11</subfield>
    <subfield code="w">2026-04-10</subfield>
    <subfield code="y">RN</subfield>
  </datafield>
  <datafield tag="952" ind1=" " ind2=" ">
    <subfield code="0">0</subfield>
    <subfield code="1">0</subfield>
    <subfield code="4">0</subfield>
    <subfield code="7">0</subfield>
    <subfield code="a">BCEJYS</subfield>
    <subfield code="b">BCEJYS</subfield>
    <subfield code="c">17</subfield>
    <subfield code="d">1970-05-01</subfield>
    <subfield code="h">A&#xF1;o XVI, N&#xBA; 2 - may./ago. 1970</subfield>
    <subfield code="l">0</subfield>
    <subfield code="o">H338 ECO a16.n2</subfield>
    <subfield code="p">R05534</subfield>
    <subfield code="r">2026-04-10 16:07:11</subfield>
    <subfield code="w">2026-04-10</subfield>
    <subfield code="y">RN</subfield>
  </datafield>
  <datafield tag="952" ind1=" " ind2=" ">
    <subfield code="0">0</subfield>
    <subfield code="1">0</subfield>
    <subfield code="4">0</subfield>
    <subfield code="7">0</subfield>
    <subfield code="a">BCEJYS</subfield>
    <subfield code="b">BCEJYS</subfield>
    <subfield code="c">17</subfield>
    <subfield code="d">1970-01-01</subfield>
    <subfield code="h">A&#xF1;o XVI, N&#xBA;1 - ene./abr. 1970</subfield>
    <subfield code="l">0</subfield>
    <subfield code="o">H338 ECO a16.n1</subfield>
    <subfield code="p">R05533</subfield>
    <subfield code="r">2026-04-10 16:07:11</subfield>
    <subfield code="w">2026-04-10</subfield>
    <subfield code="y">RN</subfield>
  </datafield>
  <datafield tag="952" ind1=" " ind2=" ">
    <subfield code="0">0</subfield>
    <subfield code="1">0</subfield>
    <subfield code="4">0</subfield>
    <subfield code="7">0</subfield>
    <subfield code="a">BCEJYS</subfield>
    <subfield code="b">BCEJYS</subfield>
    <subfield code="c">17</subfield>
    <subfield code="d">1969-09-01</subfield>
    <subfield code="h">A&#xF1;o XV, N&#xBA; 3 - set./dic. 1969</subfield>
    <subfield code="l">0</subfield>
    <subfield code="o">H338 ECO a15.n3</subfield>
    <subfield code="p">R05532</subfield>
    <subfield code="r">2026-04-10 16:07:11</subfield>
    <subfield code="w">2026-04-10</subfield>
    <subfield code="y">RN</subfield>
  </datafield>
  <datafield tag="952" ind1=" " ind2=" ">
    <subfield code="0">0</subfield>
    <subfield code="1">0</subfield>
    <subfield code="4">0</subfield>
    <subfield code="7">0</subfield>
    <subfield code="a">BCEJYS</subfield>
    <subfield code="b">BCEJYS</subfield>
    <subfield code="c">17</subfield>
    <subfield code="d">1969-05-01</subfield>
    <subfield code="h">A&#xF1;o XV, N&#xBA; 2 - may./ago. 1969</subfield>
    <subfield code="l">0</subfield>
    <subfield code="o">H338 ECO a15.n2</subfield>
    <subfield code="p">R05531</subfield>
    <subfield code="r">2026-04-10 16:07:11</subfield>
    <subfield code="w">2026-04-10</subfield>
    <subfield code="y">RN</subfield>
  </datafield>
  <datafield tag="952" ind1=" " ind2=" ">
    <subfield code="0">0</subfield>
    <subfield code="1">0</subfield>
    <subfield code="4">0</subfield>
    <subfield code="7">0</subfield>
    <subfield code="a">BCEJYS</subfield>
    <subfield code="b">BCEJYS</subfield>
    <subfield code="c">17</subfield>
    <subfield code="d">1969-01-01</subfield>
    <subfield code="h">A&#xF1;o XV, N&#xBA; 1 - ene./abr. 1969</subfield>
    <subfield code="l">0</subfield>
    <subfield code="o">H338 ECO a15.n1</subfield>
    <subfield code="p">R05530</subfield>
    <subfield code="r">2026-04-10 16:07:11</subfield>
    <subfield code="w">2026-04-10</subfield>
    <subfield code="y">RN</subfield>
  </datafield>
  <datafield tag="952" ind1=" " ind2=" ">
    <subfield code="0">0</subfield>
    <subfield code="1">0</subfield>
    <subfield code="4">0</subfield>
    <subfield code="7">0</subfield>
    <subfield code="a">BCEJYS</subfield>
    <subfield code="b">BCEJYS</subfield>
    <subfield code="c">17</subfield>
    <subfield code="d">1968-09-01</subfield>
    <subfield code="h">A&#xF1;o XIV, N&#xBA; 3 - set./dic. 1968</subfield>
    <subfield code="l">0</subfield>
    <subfield code="o">H338 ECO a14.n3</subfield>
    <subfield code="p">R05529</subfield>
    <subfield code="r">2026-04-10 16:07:11</subfield>
    <subfield code="w">2026-04-10</subfield>
    <subfield code="y">RN</subfield>
  </datafield>
  <datafield tag="952" ind1=" " ind2=" ">
    <subfield code="0">0</subfield>
    <subfield code="1">0</subfield>
    <subfield code="4">0</subfield>
    <subfield code="7">0</subfield>
    <subfield code="a">BCEJYS</subfield>
    <subfield code="b">BCEJYS</subfield>
    <subfield code="c">17</subfield>
    <subfield code="d">1968-01-01</subfield>
    <subfield code="h">A&#xF1;o XIV, N&#xBA; 1/2 - ene./ago. 1968</subfield>
    <subfield code="l">0</subfield>
    <subfield code="o">H338 ECO a14.n1/2</subfield>
    <subfield code="p">R05528</subfield>
    <subfield code="r">2026-04-10 16:07:11</subfield>
    <subfield code="w">2026-04-10</subfield>
    <subfield code="y">RN</subfield>
  </datafield>
  <datafield tag="952" ind1=" " ind2=" ">
    <subfield code="0">0</subfield>
    <subfield code="1">0</subfield>
    <subfield code="4">0</subfield>
    <subfield code="7">0</subfield>
    <subfield code="a">BCEJYS</subfield>
    <subfield code="b">BCEJYS</subfield>
    <subfield code="c">17</subfield>
    <subfield code="d">1967-09-01</subfield>
    <subfield code="h">A&#xF1;o XIII, N&#xBA; 40 - set./dic. 1967</subfield>
    <subfield code="l">0</subfield>
    <subfield code="o">H338 ECO a13.n40</subfield>
    <subfield code="p">R05527</subfield>
    <subfield code="r">2026-04-10 16:07:11</subfield>
    <subfield code="w">2026-04-10</subfield>
    <subfield code="y">RN</subfield>
  </datafield>
  <datafield tag="952" ind1=" " ind2=" ">
    <subfield code="0">0</subfield>
    <subfield code="1">0</subfield>
    <subfield code="4">0</subfield>
    <subfield code="7">0</subfield>
    <subfield code="a">BCEJYS</subfield>
    <subfield code="b">BCEJYS</subfield>
    <subfield code="c">17</subfield>
    <subfield code="d">1967-05-01</subfield>
    <subfield code="h">A&#xF1;o XII, N&#xBA; 39 - may./ago. 1967</subfield>
    <subfield code="l">0</subfield>
    <subfield code="o">H338 ECO a12.n39</subfield>
    <subfield code="p">R05526</subfield>
    <subfield code="r">2026-04-10 16:07:11</subfield>
    <subfield code="w">2026-04-10</subfield>
    <subfield code="y">RN</subfield>
  </datafield>
  <datafield tag="952" ind1=" " ind2=" ">
    <subfield code="0">0</subfield>
    <subfield code="1">0</subfield>
    <subfield code="4">0</subfield>
    <subfield code="7">0</subfield>
    <subfield code="a">BCEJYS</subfield>
    <subfield code="b">BCEJYS</subfield>
    <subfield code="c">17</subfield>
    <subfield code="d">1967-01-01</subfield>
    <subfield code="h">A&#xF1;o XII, N&#xBA; 38 - ene./abr.1967</subfield>
    <subfield code="l">0</subfield>
    <subfield code="o">H338 ECO a12.n38</subfield>
    <subfield code="p">R05525</subfield>
    <subfield code="r">2026-04-10 16:07:11</subfield>
    <subfield code="w">2026-04-10</subfield>
    <subfield code="y">RN</subfield>
  </datafield>
  <datafield tag="952" ind1=" " ind2=" ">
    <subfield code="0">0</subfield>
    <subfield code="1">0</subfield>
    <subfield code="4">0</subfield>
    <subfield code="7">0</subfield>
    <subfield code="a">BCEJYS</subfield>
    <subfield code="b">BCEJYS</subfield>
    <subfield code="c">17</subfield>
    <subfield code="d">1966-09-01</subfield>
    <subfield code="h">A&#xF1;o XII, N&#xBA; 37 - set./dic.1966</subfield>
    <subfield code="l">0</subfield>
    <subfield code="o">H338 ECO a12.n37</subfield>
    <subfield code="p">R05524</subfield>
    <subfield code="r">2026-04-10 16:07:11</subfield>
    <subfield code="w">2026-04-10</subfield>
    <subfield code="y">RN</subfield>
  </datafield>
  <datafield tag="952" ind1=" " ind2=" ">
    <subfield code="0">0</subfield>
    <subfield code="1">0</subfield>
    <subfield code="4">0</subfield>
    <subfield code="7">0</subfield>
    <subfield code="a">BCEJYS</subfield>
    <subfield code="b">BCEJYS</subfield>
    <subfield code="c">17</subfield>
    <subfield code="d">1966-05-01</subfield>
    <subfield code="h">A&#xF1;o XII, N&#xBA; 36 - may./ago. 1966</subfield>
    <subfield code="l">0</subfield>
    <subfield code="o">H338 ECO a12.n36</subfield>
    <subfield code="p">R05523</subfield>
    <subfield code="r">2026-04-10 16:07:11</subfield>
    <subfield code="w">2026-04-10</subfield>
    <subfield code="y">RN</subfield>
  </datafield>
  <datafield tag="952" ind1=" " ind2=" ">
    <subfield code="0">0</subfield>
    <subfield code="1">0</subfield>
    <subfield code="4">0</subfield>
    <subfield code="7">0</subfield>
    <subfield code="a">BCEJYS</subfield>
    <subfield code="b">BCEJYS</subfield>
    <subfield code="c">17</subfield>
    <subfield code="d">1966-01-01</subfield>
    <subfield code="h">A&#xF1;o XII, N&#xBA; 35 - ene./abr. 1966</subfield>
    <subfield code="l">0</subfield>
    <subfield code="o">H338 ECO a12.n35</subfield>
    <subfield code="p">R05522</subfield>
    <subfield code="r">2026-04-10 16:07:11</subfield>
    <subfield code="w">2026-04-10</subfield>
    <subfield code="y">RN</subfield>
  </datafield>
  <datafield tag="952" ind1=" " ind2=" ">
    <subfield code="0">0</subfield>
    <subfield code="1">0</subfield>
    <subfield code="4">0</subfield>
    <subfield code="7">0</subfield>
    <subfield code="a">BCEJYS</subfield>
    <subfield code="b">BCEJYS</subfield>
    <subfield code="c">17</subfield>
    <subfield code="d">1965-08-01</subfield>
    <subfield code="h">A&#xF1;o IX, N&#xBA; 34 - ago./dic. 1965</subfield>
    <subfield code="l">0</subfield>
    <subfield code="o">H338 ECO a9.n34</subfield>
    <subfield code="p">R05521</subfield>
    <subfield code="r">2026-04-10 16:07:11</subfield>
    <subfield code="w">2026-04-10</subfield>
    <subfield code="y">RN</subfield>
  </datafield>
  <datafield tag="952" ind1=" " ind2=" ">
    <subfield code="0">0</subfield>
    <subfield code="1">0</subfield>
    <subfield code="4">0</subfield>
    <subfield code="7">0</subfield>
    <subfield code="a">BCEJYS</subfield>
    <subfield code="b">BCEJYS</subfield>
    <subfield code="c">17</subfield>
    <subfield code="d">1962-01-01</subfield>
    <subfield code="h">A&#xF1;o VIII, N&#xBA; 31/32 - ene./jul. 1962</subfield>
    <subfield code="l">0</subfield>
    <subfield code="o">H338 ECO a8.n31/32</subfield>
    <subfield code="p">R05520</subfield>
    <subfield code="r">2026-04-10 16:07:11</subfield>
    <subfield code="w">2026-04-10</subfield>
    <subfield code="y">RN</subfield>
  </datafield>
  <datafield tag="952" ind1=" " ind2=" ">
    <subfield code="0">0</subfield>
    <subfield code="1">0</subfield>
    <subfield code="4">0</subfield>
    <subfield code="7">0</subfield>
    <subfield code="a">BCEJYS</subfield>
    <subfield code="b">BCEJYS</subfield>
    <subfield code="c">17</subfield>
    <subfield code="d">1961-07-01</subfield>
    <subfield code="h">A&#xF1;o VIII, N&#xBA; 29/30 - jul./dic. 1961</subfield>
    <subfield code="l">0</subfield>
    <subfield code="o">H338 ECO a8.n29/30</subfield>
    <subfield code="p">R05519</subfield>
    <subfield code="r">2026-04-10 16:07:11</subfield>
    <subfield code="w">2026-04-10</subfield>
    <subfield code="y">RN</subfield>
  </datafield>
  <datafield tag="952" ind1=" " ind2=" ">
    <subfield code="0">0</subfield>
    <subfield code="1">0</subfield>
    <subfield code="4">0</subfield>
    <subfield code="7">0</subfield>
    <subfield code="a">BCEJYS</subfield>
    <subfield code="b">BCEJYS</subfield>
    <subfield code="c">17</subfield>
    <subfield code="d">1961-01-01</subfield>
    <subfield code="h">A&#xF1;o VII, N&#xBA; 27/28 - ene./jun. 1961</subfield>
    <subfield code="l">0</subfield>
    <subfield code="o">H338 ECO a7.n27/28</subfield>
    <subfield code="p">R05518</subfield>
    <subfield code="r">2026-04-10 16:07:11</subfield>
    <subfield code="w">2026-04-10</subfield>
    <subfield code="y">RN</subfield>
  </datafield>
  <datafield tag="952" ind1=" " ind2=" ">
    <subfield code="0">0</subfield>
    <subfield code="1">0</subfield>
    <subfield code="4">0</subfield>
    <subfield code="7">0</subfield>
    <subfield code="a">BCEJYS</subfield>
    <subfield code="b">BCEJYS</subfield>
    <subfield code="c">17</subfield>
    <subfield code="d">1959-07-01</subfield>
    <subfield code="h">A&#xF1;o VI, N&#xBA; 21/24 - jul.1959/jun.1960</subfield>
    <subfield code="l">0</subfield>
    <subfield code="o">H338 ECO a6.n21/24</subfield>
    <subfield code="p">R05517</subfield>
    <subfield code="r">2026-04-10 16:07:11</subfield>
    <subfield code="w">2026-04-10</subfield>
    <subfield code="y">RN</subfield>
  </datafield>
  <datafield tag="952" ind1=" " ind2=" ">
    <subfield code="0">0</subfield>
    <subfield code="1">0</subfield>
    <subfield code="4">0</subfield>
    <subfield code="7">0</subfield>
    <subfield code="a">BCEJYS</subfield>
    <subfield code="b">BCEJYS</subfield>
    <subfield code="c">17</subfield>
    <subfield code="d">1958-07-01</subfield>
    <subfield code="h">A&#xF1;o V, N&#xBA; 17/20 - jul.1958/jun.1959</subfield>
    <subfield code="l">0</subfield>
    <subfield code="o">H338 ECO a5.n17/20</subfield>
    <subfield code="p">R05516</subfield>
    <subfield code="r">2026-04-10 16:07:11</subfield>
    <subfield code="w">2026-04-10</subfield>
    <subfield code="y">RN</subfield>
  </datafield>
  <datafield tag="952" ind1=" " ind2=" ">
    <subfield code="0">0</subfield>
    <subfield code="1">0</subfield>
    <subfield code="4">0</subfield>
    <subfield code="7">0</subfield>
    <subfield code="a">BCEJYS</subfield>
    <subfield code="b">BCEJYS</subfield>
    <subfield code="c">17</subfield>
    <subfield code="d">1958-01-01</subfield>
    <subfield code="h">A&#xF1;o IV, N&#xBA; 15/16 - ene./jun. 1958</subfield>
    <subfield code="l">0</subfield>
    <subfield code="o">H338 ECO a4.n15/16</subfield>
    <subfield code="p">R05513</subfield>
    <subfield code="r">2026-04-10 16:07:11</subfield>
    <subfield code="w">2026-04-10</subfield>
    <subfield code="y">RN</subfield>
  </datafield>
  <datafield tag="952" ind1=" " ind2=" ">
    <subfield code="0">0</subfield>
    <subfield code="1">0</subfield>
    <subfield code="4">0</subfield>
    <subfield code="7">0</subfield>
    <subfield code="a">BCEJYS</subfield>
    <subfield code="b">BCEJYS</subfield>
    <subfield code="c">17</subfield>
    <subfield code="d">1956-07-01</subfield>
    <subfield code="h">A&#xF1;o III, N&#xBA; 9/12 - jul.1956/jun.1957</subfield>
    <subfield code="l">0</subfield>
    <subfield code="o">H338 ECO a3.n9/12</subfield>
    <subfield code="p">R05514</subfield>
    <subfield code="r">2026-04-10 16:07:11</subfield>
    <subfield code="w">2026-04-10</subfield>
    <subfield code="y">RN</subfield>
  </datafield>
  <datafield tag="952" ind1=" " ind2=" ">
    <subfield code="0">0</subfield>
    <subfield code="1">0</subfield>
    <subfield code="4">0</subfield>
    <subfield code="7">0</subfield>
    <subfield code="a">BCEJYS</subfield>
    <subfield code="b">BCEJYS</subfield>
    <subfield code="c">17</subfield>
    <subfield code="d">1956-01-01</subfield>
    <subfield code="h">A&#xF1;o II, N&#xBA; 7/8 - ene./jul. 1956</subfield>
    <subfield code="l">0</subfield>
    <subfield code="o">H338 ECO a2.n7/8</subfield>
    <subfield code="p">R05515</subfield>
    <subfield code="r">2026-04-10 16:07:11</subfield>
    <subfield code="w">2026-04-10</subfield>
    <subfield code="y">RN</subfield>
  </datafield>
  <datafield tag="952" ind1=" " ind2=" ">
    <subfield code="0">0</subfield>
    <subfield code="1">0</subfield>
    <subfield code="4">0</subfield>
    <subfield code="7">0</subfield>
    <subfield code="a">BCEJYS</subfield>
    <subfield code="b">BCEJYS</subfield>
    <subfield code="c">17</subfield>
    <subfield code="d">1955-07-01</subfield>
    <subfield code="h">A&#xF1;o II, N&#xBA; 5/6 - jul./dic. 1955</subfield>
    <subfield code="l">0</subfield>
    <subfield code="o">H338 ECO a2.n5/6</subfield>
    <subfield code="p">R05512</subfield>
    <subfield code="r">2026-04-10 16:07:11</subfield>
    <subfield code="w">2026-04-10</subfield>
    <subfield code="y">RN</subfield>
  </datafield>
  <datafield tag="952" ind1=" " ind2=" ">
    <subfield code="0">0</subfield>
    <subfield code="1">0</subfield>
    <subfield code="4">0</subfield>
    <subfield code="7">0</subfield>
    <subfield code="a">BCEJYS</subfield>
    <subfield code="b">BCEJYS</subfield>
    <subfield code="c">17</subfield>
    <subfield code="d">1955-01-01</subfield>
    <subfield code="h">A&#xF1;o I, N&#xBA; 3/4 - ene./jun. 1955</subfield>
    <subfield code="l">0</subfield>
    <subfield code="o">H338 ECO a1.n3/4</subfield>
    <subfield code="p">R05511</subfield>
    <subfield code="r">2026-04-10 16:07:11</subfield>
    <subfield code="w">2026-04-10</subfield>
    <subfield code="y">RN</subfield>
  </datafield>
  <datafield tag="952" ind1=" " ind2=" ">
    <subfield code="0">0</subfield>
    <subfield code="1">0</subfield>
    <subfield code="4">0</subfield>
    <subfield code="7">0</subfield>
    <subfield code="a">BCEJYS</subfield>
    <subfield code="b">BCEJYS</subfield>
    <subfield code="c">17</subfield>
    <subfield code="d">1954-10-01</subfield>
    <subfield code="h">A&#xF1;o I, N&#xBA; 2 - oct./dic. 1954</subfield>
    <subfield code="l">0</subfield>
    <subfield code="o">H338 ECO a1.n2</subfield>
    <subfield code="p">R05510</subfield>
    <subfield code="r">2026-04-10 16:07:11</subfield>
    <subfield code="w">2026-04-10</subfield>
    <subfield code="y">RN</subfield>
  </datafield>
  <datafield tag="952" ind1=" " ind2=" ">
    <subfield code="0">0</subfield>
    <subfield code="1">0</subfield>
    <subfield code="4">0</subfield>
    <subfield code="7">0</subfield>
    <subfield code="a">BCEJYS</subfield>
    <subfield code="b">BCEJYS</subfield>
    <subfield code="c">17</subfield>
    <subfield code="d">1954-07-01</subfield>
    <subfield code="h">A&#xF1;o I, N&#xBA; 1 - jul./sep. 1954</subfield>
    <subfield code="l">0</subfield>
    <subfield code="o">H338 ECO a1.n1</subfield>
    <subfield code="p">R05509</subfield>
    <subfield code="r">2026-04-10 16:07:11</subfield>
    <subfield code="w">2026-04-10</subfield>
    <subfield code="y">RN</subfield>
  </datafield>
</record>
